| 000 | 00328nam a2200121Ia 4500 | ||
|---|---|---|---|
| 008 | 220204s9999 xx 000 0 und d | ||
| 082 |
_a659.1 _bZAC |
||
| 100 | _aZacher, Robert V | ||
| 245 | 0 | _aAdvertising techniques and management | |
| 260 |
_aIllinois _bRichard D Irwin _c1961 |
||
| 650 | _aAdvertising techniques | ||
| 942 | _cBK | ||
| 999 |
_c22979 _d22979 |
||